| 000 | 01617nam a22002657a 4500 | ||
|---|---|---|---|
| 003 | PE SENCICO BE | ||
| 005 | 20251020182712.0 | ||
| 008 | 250225b |||||||| |||| 00| 0 eng d | ||
| 040 |
_aPE SENCICO BE _cPE SENCICO BE |
||
| 041 | _aspa | ||
| 082 |
_a624.15337 _bA4 _c1993 |
||
| 245 | 1 |
_aCimentaciones de concreto armado en edificaciones / _cJorge Alva Hurtado, Hugo Scaletti Farina, Julio Rivera Feijóo, Roberto Morales, ...[y otros] |
|
| 250 | _a2a ed. | ||
| 260 |
_aLima : _bAmerican Concrete Institute ; _c1993 |
||
| 300 |
_a368 páginas : _btablas, diagramas ; _c20 cm. |
||
| 505 | 0 | _aMecánica de suelos aplicada a cimentaciones -- Interacción dinámica de suelos y estructuras -- Consideraciones sobre el diseño estructural de cimentaciones superficiales -- Análisis y diseño estructural de cimentaciones superficiales -- Análisis y diseño estructural de muros de contención -- Cimentaciones profundas en edificaciones -- Patología de las cimentaciones -- Análisis y diseño estructural de cimentaciones superficiales -- Plateas de cimentación -- Placas circulares de cimentación | |
| 520 | 3 | _aPresentación de los aspectos mas importantes referentes a las cimentaciones como son el estudio de la mecánica de suelos aplicada a cimentaciones, los métodos para el análisis, diseño y protección de las cimentaciones y muros de concreto armado. | |
| 650 | 1 | 0 |
_9543 _aCimentaciones |
| 650 | 2 | 0 |
_9550 _aConcreto armado |
| 650 | 2 | 0 |
_9216 _aEdificaciones |
| 650 | 2 | 0 |
_9741 _aAnálisis de estructuras |
| 710 | 1 | _aAmerican Concrete Institute | |
| 910 |
_ahfp _bhfp _chfp |
||
| 942 |
_2ddc _cLIB |
||
| 999 |
_c5112 _d5112 |
||